[Event "Milan SSM op-B 08"]
[Site "Milan"]
[Date "2015.08.04"]
[Round "6"]
[White "Pedroli, Marco"]
[Black "Manzotti, Francesco"]
[Result "1/2-1/2"]
[WhiteElo "1592"]
[BlackElo "1774"]
[PlyCount "117"]
[EventDate "2015.07.31"]
[EventType "swiss"]
[EventRounds "7"]
[EventCountry "ITA"]
[SourceTitle "EXT 2022"]
[Source "ChessBase"]
[SourceDate "2021.10.06"]
[SourceVersion "1"]
[SourceVersionDate "2021.10.06"]
[SourceQuality "1"]

1. e4 c5 2. Nf3 g6 3. d3 Bg7 4. g3 Nc6 5. c3 Nf6 6. Bg2 0-0 7. 0-0 d6 8. Be3 Qc7 9. Nbd2 Ng4 10. Qe2 Nxe3 11. fxe3 b5 12. Rf2 Rb8 13. Raf1 h6 14. Nh4 b4 15. c4 Bxb2 16. Nxg6 Be6 17. Nf4 Qd7 18. Nxe6 Qxe6 19. Nb3 Bg7 20. Qh5 Ne5 21. Bh3 Qg6 22. Qe2 e6 23. Rf4 Rbc8 24. d4 cxd4 25. exd4 Nxc4 26. Rg4 Qh7 27. d5 Ne5 28. Rgf4 Qg6 29. dxe6 fxe6 30. Nd4 Rce8 31. R1f2 Rxf4 32. Rxf4 Nf7 33. Nf3 Ng5 34. Nxg5 hxg5 35. Rf1 Bd4+ 36. Kh1 Rf8 37. Rxf8+ Kxf8 38. Bg4 Ke7 39. Kg2 a5 40. Qd3 Bc5 41. Qc4 Qf6 42. Qe2 Qd4 43. Bf3 a4 44. Qa6 Qf2+ 45. Kh3 Qxf3 46. Qb7+ Kf8 47. Qc8+ Kg7 48. Qd7+ Qf7 49. Qxa4 Qf1+ 50. Kg4 Qe2+ 51. Kxg5 Be3+ 52. Kh4 Qxh2+ 53. Kg4 Qe2+ 54. Kh3 Bc5 55. Qe8 Qxe4 56. Qe7+ Kh6 57. Qf6+ Qg6 58. Qh8+ Qh7 59. Qf6+ 1/2-1/2

[Event "Crema op 14th"]
[Site "Crema"]
[Date "2012.09.02"]
[Round "6"]
[White "Fiammetti, Gianluca"]
[Black "Manzotti, Francesco"]
[Result "1-0"]
[WhiteElo "1464"]
[BlackElo "1700"]
[PlyCount "57"]
[EventDate "2012.08.31"]
[EventType "swiss"]
[EventRounds "6"]
[EventCountry "ITA"]
[SourceTitle "EXT 2014"]
[Source "ChessBase"]
[SourceDate "2013.11.20"]
[SourceVersion "1"]
[SourceVersionDate "2013.11.20"]
[SourceQuality "1"]

1. c4 Nf6 2. Nc3 g6 3. g3 d5 4. cxd5 Nxd5 5. Bg2 Nb6 6. Nf3 Bg7 7. 0-0 0-0 8. Rb1 c5 9. b3 Nc6 10. Bb2 a6 11. Ne4 Bxb2 12. Rxb2 c4 13. Qc1 cxb3 14. Rxb3 Be6 15. Rb2 Rb8 16. d3 Nd5 17. Qh6 f6 18. Nfg5 fxg5 19. Nxg5 Rf7 20. Nxe6 Qd6 21. Ng5 Rg7 22. Ne4 Qd8 23. Nc5 Qd6 24. Ne4 Qe5 25. Rfb1 b5 26. Qg5 Nb6 27. Qxe5 Nxe5 28. Nc5 Nbd7 29. Nxa6 1-0

[Event "Crema op 14th"]
[Site "Crema"]
[Date "2012.08.31"]
[Round "1"]
[White "Manzotti, Francesco"]
[Black "Guidi, Maurizio"]
[Result "0-1"]
[WhiteElo "1700"]
[BlackElo "2058"]
[PlyCount "46"]
[EventDate "2012.08.31"]
[EventType "swiss"]
[EventRounds "6"]
[EventCountry "ITA"]
[SourceTitle "EXT 2014"]
[Source "ChessBase"]
[SourceDate "2013.11.20"]
[SourceVersion "1"]
[SourceVersionDate "2013.11.20"]
[SourceQuality "1"]

1. e4 c5 2. Nf3 Nc6 3. d4 cxd4 4. Nxd4 g6 5. Be3 Bg7 6. Be2 Nf6 7. Nxc6 bxc6 8. Nc3 0-0 9. 0-0 d5 10. exd5 cxd5 11. Qd2 e5 12. Bg5 Be6 13. Rad1 d4 14. Bxf6 Bxf6 15. Ne4 Bg7 16. Ng5 Bd5 17. Nf3 Qb6 18. c3 Bxa2 19. cxd4 Bb3 20. Ra1 exd4 21. Ra6 Qb7 22. Rfa1 Rfd8 23. Bd3 Bd5 0-1